Exploring shipwrecks on four continents /

Bibliographic Details
Main Author: Bass, George F. (George Fletcher), 1932-2021 (Author)
Format: Book Chapter
Language:English
Subjects:

MARC

Tag First Indicator Second Indicator Subfields
LEADER 00000caa a2200000Ii 4500
001 in00004036664
005 20210904063031.0
008 181205s1978 nyua 000 0 eng d
035 |a (OCoLC)on1077779489 
040 |a TXA  |b eng  |e rda  |c TXA 
035 |a (OCoLC)1077779489 
050 4 |a CC77.U5  |b B37 1978 
049 |a TXAM 
100 1 |a Bass, George F.  |q (George Fletcher),  |d 1932-2021  |e author. 
245 1 0 |a Exploring shipwrecks on four continents /  |c by George F. Bass. 
300 |a pages 50-53 :  |b illustrations ;  |c 26 cm 
336 |a text  |b txt  |2 rdacontent 
337 |a unmediated  |b n  |2 rdamedia 
338 |a volume  |b nc  |2 rdacarrier 
580 |a In: Explorers journal -- [New York], [Explorers Club] -- v.56:no.2 (1978:June) -- (OCoLC)1568660 
650 0 |a Underwater archaeology. 
650 0 |a Shipwrecks. 
650 0 |a Antiquities. 
650 0 |a Excavations (Archaeology) 
773 0 8 |i Contained in (manifestation):  |t Explorers journal.  |d [New York], [Explorers Club]  |g v.56:no.2 (1978:June)  |w (OCoLC)1568660 
948 |a cataloged  |b h  |c 2018/12/05  |d o  |e zdobbs  |f 3:37:41 pm 
994 |a C0  |b TXA 
999 f f |s 8bfa7c0f-309c-3ea8-8ecf-dddac234ec41  |i 77960a3a-bcc8-3a5c-8512-7381a84a1074  |t 0 
952 f f |p noncirc  |a Texas A&M University  |b College Station  |c Cushing Memorial Library & Archives  |d Cushing: Texas A&M (Does not check out)  |t 0  |e CC77.U5 B37 1978  |h Library of Congress classification  |i unmediated -- volume  |m A14852112409 
998 f f |a CC77.U5 B37 1978  |t 0  |l Cushing: Texas A&M (Does not check out)